A Polegarzinha (Registo nº 2641)
[ vista simples ]
| 000 -Etiqueta do registo | |
|---|---|
| Cabeçalho | 00959nam a22002891 4500 |
| 005 - Identificador da versão | |
| Campo de controlo | 20240827165959.0 |
| 010 ## - Número internacional normalizado dos livros (ISBN) | |
| Número (ISBN) | 9722607928 |
| 100 ## - Dados gerais de processamento | |
| Dados gerais de processamento | 19950716d1992 c y0pory5003 ba |
| 101 1# - Língua de publicação | |
| Língua do texto, banda sonora, etc. | Português |
| Língua do documento no original | Alemão |
| 102 ## - Pais de publicação ou produção | |
| País de publicação | Portugal |
| 105 ## - Campo de dados codificados: livros | |
| Dados codificados dos livros | a z 000fy |
| 106 ## - Campo de dados codificados: material textual | |
| Dados codificados do material textual | r |
| 200 1# - Titulo e menção de responsabilidade | |
| Título próprio | A Polegarzinha |
| Primeira menção de responsabilidade | Hans Christian Andersen |
| Outras menções de responsabilidade | il. Lisbeth Zwerger |
| -- | adapt. Anthea Bell |
| -- | trad. Aureliano Sampaio |
| -- | rev. Maria José Costa |
| 210 ## - Publicação, Distribuição, etc. | |
| Lugar da edição, distribuição, etc. | [Porto] |
| Nome do editor, distribuidor, etc. | Civilização |
| Data da publicação, distribuição, etc. | imp. 1992 |
| 215 ## - Descrição física | |
| Indicação específica da natureza do documento e extensão da espécie | [26] p. |
| Outras indicações físicas | muito il. |
| Dimensões | 16 cm |
| 225 2# - Colecção | |
| Título próprio da colecção | A minha primeira biblioteca |
| Indicação de volume | 3 |
| 304 ## - Notas relativas a título e menção de responsabilidade | |
| Texto da nota | Tít. orig.: Däumelieschen |
| 606 ## - Nome comum usado como assunto | |
| Número de registo de entrada de autoridade | 0000001 |
| Palavra de ordem | Literatura estrangeira infantil |
| Subdivisão de assunto | Conto |
| 675 ## - Classificação Decimal Universal (CDU) | |
| Notação | 82-34 |
| Edição | 2ª |
| Língua da edição | por |
| 700 #1 - Nome de autor-pessoa física (responsabilidade principal) | |
| Número de registo de entrada de autoridade | 0000420 |
| Palavra de ordem | Andersen |
| Outra parte do nome não tomada para palavra de ordem | Hans Christian |
| Datas | 1805-1875 |
| 702 #1 - Nome de autor-pessoa física (responsabilidade secundária) | |
| Número de registo de entrada de autoridade | 0000503 |
| Palavra de ordem | Zwerger |
| Outra parte do nome não tomada para palavra de ordem | Lisbeth |
| Código de função | Ilustrador / Técnico de desenho computorizado |
| Número de registo de entrada de autoridade | 0001458 |
| Palavra de ordem | Bell |
| Outra parte do nome não tomada para palavra de ordem | Anthea |
| Código de função | Adaptador |
| Número de registo de entrada de autoridade | 0000685 |
| Palavra de ordem | Sampaio |
| Outra parte do nome não tomada para palavra de ordem | Aureliano |
| Código de função | Tradutor |
| Número de registo de entrada de autoridade | 0000798 |
| Palavra de ordem | Costa |
| Outra parte do nome não tomada para palavra de ordem | Maria José |
| Código de função | Revisor |
| 942 ## - Elementos de entrada adicionados (Koha) | |
| Tipo de item no Koha | Livro |
| Situação do levantamento | Origin of item (home branch) (coded) | Biblioteca de empréstimo | Código de barras | Cota | Circulation type (not for loan) | Tipo de documento | Nota do exemplar | Damaged status |
|---|---|---|---|---|---|---|---|---|
| Biblioteca Escolar da Coca Maravilhas | Biblioteca Escolar da Coca Maravilhas | BECM2717/95 | 8EST AND | Livro | Sem mensagem |
